000 00486nam a22001937a 4500
003 MPLRDC
005 20220104184858.0
008 210129b ||||| |||| 00| 0 eng d
020 _a957-13-5107-0
082 _a610.7 XZY
100 _a许倬云
245 _a我者与他者
_c
250 _a初版一刷
260 _a台湾
_b时报文化出版企业股份有限公司
_c2009
300 _b
490 _a文化丛书. 181
650 _a中国史
942 _cBK
_o610.7 XZY
999 _c63073
_d63063